| 000 | 00847nam a2200265Ia 4500 | ||
|---|---|---|---|
| 003 | OSt | ||
| 005 | 20220925231711.0 | ||
| 006 | a|||||r|||| 00| 0 | ||
| 007 | ta | ||
| 008 | 220923b |||||||| |||| 00| 0 eng d | ||
| 020 |
_a9715613802 _c659.10 |
||
| 037 |
_b10727, 20/03/2005, Govinda _cGeneral Book |
||
| 040 |
_aRTL _cRTL _beng |
||
| 041 |
_2eng _aeng |
||
| 082 | _aX9(D85).4.P, P3 | ||
| 100 |
_aMclntosh Arthur C _9295923 |
||
| 245 | 0 |
_aAsian water supplies _b Reaching the urban poor. |
|
| 260 |
_aManila _bA D B _c2003 |
||
| 300 |
_a199p _ccm. |
||
| 490 | _aAsian Development Bank, Publication | ||
| 500 | _aBibliography P 197-199 | ||
| 650 |
_aIndustrial Economics Water Supply _9288100 |
||
| 942 |
_hX9(D85).4.P, P3 _cGB _2CC |
||
| 999 |
_c589194 _d589194 |
||